000 01356nam a22003737a 4500
003 OSt
005 20230323040101.0
008 160606b xxu||||| |||| 00| 0 eng d
010 _a 2001554706
020 _a042517140X :
_c$6.99 ($8.99 Can.)
035 _a(OCoLC)ocm42633322
040 _aMMU
_cMMU
_dMMU
_dMMU
_beng
042 _alccopycat
043 _an-us-ny
050 0 0 _aPS3771 .R63 1999
100 1 _aRobb, J. D.,
_d1950-
245 1 0 _aLoyalty in death /
_cJ.D. Robb.
250 _aBerkley ed.
260 _aNew York :
_bBerkley Books,
_cc1999.
300 _a358 p. :
_c18 cm.
500 _a"Berkley romantic suspense"--Spine.
650 0 _aDallas, Eve (Fictitious character)
_vFiction.
650 0 _aPolice
_zNew York (State)
_zNew York
_vFiction.
650 0 _aPolicewomen
_vFiction.
650 0 _aTerrorism
_vFiction.
651 0 _aNew York (N.Y.)
_vFiction.
655 7 _aRomantic suspense fiction.
_2gsafd
710 2 _aCopyright Paperback Collection (Library of Congress)
_5DLC
856 4 2 _3Publisher description
_uhttp://www.loc.gov/catdir/enhancements/fy1203/2001554706-d.html
856 4 2 _3Contributor biographical information
_uhttp://www.loc.gov/catdir/enhancements/fy1305/2001554706-b.html
906 _a7
_bcbc
_ccopycat
_d2
_encip
_f20
_gy-genrareb
942 _2lcc
_cLOAN LOAN
999 _c17349
_d17349